000 01238nam a2200325 a 4500
001 ebr2004492
003 CaPaEBR
006 m u
007 cr cn|||||||||
008 010903s2000 enka sb 001 0 eng
015 _aGBA0-Z4259
016 7 _a0333770145
_2Uk
020 _z0333770145(pbk.)
040 _aCaPaEBR
_cCaPaEBR
035 _a(OCoLC)559297066
050 1 4 _aRT73
_b.P753 2000eb
082 0 4 _a610.730711
_221
245 0 0 _aProblem-based learning in nursing
_h[electronic resource] :
_ba new model for a new context? /
_cedited by Sally Glen and Kay Wilkie.
260 _aBasingstoke :
_bMacmillan,
_c2000.
300 _a192 p. :
_bill.
504 _aIncludes bibliographical references and index.
533 _aElectronic reproduction.
_bPalo Alto, Calif. :
_cebrary,
_d2013.
_nAvailable via World Wide Web.
_nAccess may be limited to ebrary affiliated libraries.
650 0 _aNursing
_xStudy and teaching.
650 0 _aProblem-based learning.
655 7 _aElectronic books.
_2local
700 1 _aGlen, Sally.
700 1 _aWilkie, Kay.
710 2 _aebrary, Inc.
856 4 0 _uhttp://site.ebrary.com/lib/rucke/Doc?id=2004492
_zAn electronic book accessible through the World Wide Web; click to view
999 _c225972
_d225972